<?xml version="1.0" encoding="UTF-8"?>
<record
    xmlns:xsi="http://www.w3.org/2001/XMLSchema-instance"
    xsi:schemaLocation="http://www.loc.gov/MARC21/slim http://www.loc.gov/standards/marcxml/schema/MARC21slim.xsd"
    xmlns="http://www.loc.gov/MARC21/slim">

  <leader>00589cam a2200181   4500</leader>
  <datafield tag="082" ind1="0" ind2="0">
    <subfield code="a">954.5</subfield>
    <subfield code="b">HIS</subfield>
  </datafield>
  <datafield tag="100" ind1=" " ind2=" ">
    <subfield code="a">ALLEN, WM</subfield>
    <subfield code="9">50459</subfield>
  </datafield>
  <datafield tag="245" ind1="0" ind2="0">
    <subfield code="a">History of the Punjab and of the rise, progress &amp; present condition of the sect and nation of the Sikhs.</subfield>
  </datafield>
  <datafield tag="260" ind1=" " ind2=" ">
    <subfield code="a">LONDON</subfield>
    <subfield code="b">Wm. H ALLEN AND CO</subfield>
    <subfield code="c">1846</subfield>
  </datafield>
  <datafield tag="300" ind1=" " ind2=" ">
    <subfield code="a">vXII, 395 P;</subfield>
    <subfield code="c">20 cm.</subfield>
  </datafield>
  <datafield tag="500" ind1=" " ind2=" ">
    <subfield code="a">First published in 1846.</subfield>
  </datafield>
  <datafield tag="526" ind1=" " ind2=" ">
    <subfield code="a">0</subfield>
    <subfield code="b">0</subfield>
    <subfield code="c">0</subfield>
    <subfield code="d">954_500000000000000_HIS</subfield>
  </datafield>
  <datafield tag="526" ind1=" " ind2=" ">
    <subfield code="a">0</subfield>
    <subfield code="b">0</subfield>
    <subfield code="c">0</subfield>
    <subfield code="d">954_500000000000000_HIS</subfield>
  </datafield>
  <datafield tag="650" ind1=" " ind2="0">
    <subfield code="a">MCE</subfield>
    <subfield code="9">379</subfield>
  </datafield>
  <datafield tag="650" ind1=" " ind2="0">
    <subfield code="a">Sikhs</subfield>
    <subfield code="x">History.</subfield>
    <subfield code="9">50460</subfield>
  </datafield>
  <datafield tag="710" ind1="1" ind2=" ">
    <subfield code="a">Punjab (India).</subfield>
    <subfield code="9">1175</subfield>
  </datafield>
  <datafield tag="942" ind1=" " ind2=" ">
    <subfield code="2">ddc</subfield>
    <subfield code="c">BK</subfield>
  </datafield>
  <datafield tag="999" ind1=" " ind2=" ">
    <subfield code="c">553196</subfield>
    <subfield code="d">553196</subfield>
  </datafield>
  <datafield tag="952" ind1=" " ind2=" ">
    <subfield code="0">0</subfield>
    <subfield code="1">0</subfield>
    <subfield code="2">ddc</subfield>
    <subfield code="4">0</subfield>
    <subfield code="7">0</subfield>
    <subfield code="a">MCE</subfield>
    <subfield code="b">MCE</subfield>
    <subfield code="c">Archive Section</subfield>
    <subfield code="d">2015-02-02</subfield>
    <subfield code="l">0</subfield>
    <subfield code="o">954.5 HIS</subfield>
    <subfield code="p">MCE-ECH/17.2</subfield>
    <subfield code="r">2015-02-02</subfield>
    <subfield code="w">2015-02-02</subfield>
    <subfield code="y">BK</subfield>
  </datafield>
  <datafield tag="952" ind1=" " ind2=" ">
    <subfield code="0">0</subfield>
    <subfield code="1">0</subfield>
    <subfield code="2">ddc</subfield>
    <subfield code="4">0</subfield>
    <subfield code="7">0</subfield>
    <subfield code="a">MCE</subfield>
    <subfield code="b">MCE</subfield>
    <subfield code="c">Archive Section</subfield>
    <subfield code="d">2015-02-02</subfield>
    <subfield code="l">0</subfield>
    <subfield code="o">954.5 HIS</subfield>
    <subfield code="p">MCE-ECH.17.1</subfield>
    <subfield code="r">2015-02-02</subfield>
    <subfield code="w">2015-02-02</subfield>
    <subfield code="y">BK</subfield>
  </datafield>
</record>
